000 01246nam a2200253Ia 4500
999 _c51084
_d51084
001 18041
003 GE_BSU
005 20211203170540.0
008 181216s1974||||ge |||||||||||||| ||geo||
040 _cGE_BSU
041 _ageo
080 _a81'23 შ-25
100 _aშარაძენიძე, თ.
_91099
245 _aენისა და მეტყველების ურთიერთობის პრობლემა /
_cთ. შარაძენიძე ; მხატვ. გ. ნადირაძე.
264 _aთბილისი :
_bმეცნიერება,
_c1974.
300 _a174 გვ. ;
_c22 სმ.
500 _aპირის სახელთა საძიებელი გვ. : 169-170
520 _aრეზუმე რუსულ და ინგლისურ ენაზე
653 _aენა და მეტყველება
653 _aენისა და მეტყველების ურთიერთობის პრობლემა
700 _aნადირაძე, გ.
_eმხატვარი
_913177
710 _bენათმეცნიერების ინსტიტუტი
_913178
942 _cBK
_2udc